[Event "Madrid-ch Previa-A"]
[Site "Madrid"]
[Date "2019.02.05"]
[Round "2"]
[White "Ramos Antona, Enrique"]
[Black "Lopez Peral, Enrique"]
[Result "1/2-1/2"]
[WhiteElo "1521"]
[BlackElo "1714"]
[PlyCount "77"]
[EventDate "2019.02.04"]
[EventType "swiss"]
[EventRounds "9"]
[EventCountry "ESP"]
[SourceTitle "EXT 2021"]
[Source "ChessBase"]
[SourceDate "2020.10.23"]
[SourceVersion "1"]
[SourceVersionDate "2020.10.23"]
[SourceQuality "1"]

1. c4 e6 2. Nf3 d5 3. b3 d4 4. g3 Nf6 5. Bg2 Bd6 6. 0-0 c5 7. d3 0-0 8. Bg5 h6 9. Bxf6 Qxf6 10. Nbd2 Qe7 11. Ne4 f5 12. Nxd6 Qxd6 13. e3 Nc6 14. Re1 Rb8 15. e4 Bd7 16. e5 Qc7 17. Qe2 Be8 18. Nd2 Qe7 19. f4 Nb4 20. Nf3 Bc6 21. a3 Na6 22. Nh4 Be8 23. Rab1 g5 24. fxg5 hxg5 25. Nf3 Bh5 26. Qd2 Bxf3 27. Bxf3 g4 28. Bg2 b6 29. Qh6 Rf7 30. Rb2 Rh7 31. Qg6+ Rg7 32. Qh6 Rh7 33. Qf6 Qxf6 34. exf6 Kf7 35. Rbe2 Nc7 36. Bc6 Kxf6 37. b4 cxb4 38. axb4 a6 39. Rf2 1/2-1/2

[Event "Madrid-ch Seniors 50"]
[Site "Madrid"]
[Date "2018.01.09"]
[Round "2"]
[White "Lopez Peral, Enrique"]
[Black "Martinez Carrasco, Jesus"]
[Result "0-1"]
[WhiteElo "1716"]
[BlackElo "1568"]
[PlyCount "89"]
[EventDate "2018.01.08"]
[EventType "swiss"]
[EventRounds "9"]
[EventCountry "ESP"]
[SourceTitle "CBM 182 Extra"]
[Source "ChessBase"]
[SourceDate "2018.02.23"]
[SourceVersion "1"]
[SourceVersionDate "2018.02.23"]
[SourceQuality "1"]

1. c4 Nf6 2. d4 g6 3. Nc3 Bg7 4. e4 d6 5. Nf3 0-0 6. Be2 Nbd7 7. 0-0 b6 8. Qc2 Bb7 9. h3 e5 10. dxe5 dxe5 11. Bg5 c5 12. Rad1 Qc8 13. Rd6 Ne8 14. Rd2 Nc7 15. Rfd1 Bc6 16. Nd5 Nxd5 17. exd5 Bb7 18. Nh4 f5 19. g4 f4 20. Nxg6 hxg6 21. Qxg6 Qe8 22. Qe4 Nf6 23. Bxf6 Bxf6 24. Bd3 Qf7 25. f3 Rae8 26. Rg2 Bh4 27. Kh2 Bg3+ 28. Kh1 Qg7 29. Rdg1 Qh6 30. Rxg3 fxg3 31. Rxg3 Rf4 32. Qe2 Qh4 33. Kh2 Qg5 34. Bf5 Bc8 35. b3 Rd4 36. Rg2 Qf4+ 37. Kh1 Kg7 38. Bxc8 Rxc8 39. h4 Re8 40. h5 Qg5 41. d6 Rxd6 42. f4 Qxf4 43. Rf2 Qc1+ 44. Rf1 Qg5 45. Qf3 0-1

[Event "Madrid-ch Seniors"]
[Site "Madrid"]
[Date "2016.01.14"]
[Round "4"]
[White "Romero Jaime, Pedro"]
[Black "Lopez Peral, Enrique"]
[Result "1/2-1/2"]
[WhiteElo "1553"]
[BlackElo "1827"]
[PlyCount "67"]
[EventDate "2016.01.11"]
[EventType "swiss"]
[EventRounds "9"]
[EventCountry "ESP"]
[SourceTitle "EXT 2017"]
[Source "ChessBase"]
[SourceDate "2016.10.25"]
[SourceVersion "1"]
[SourceVersionDate "2016.10.25"]
[SourceQuality "1"]

1. Nf3 d5 2. d4 Nf6 3. c4 dxc4 4. Nc3 a6 5. a4 c6 6. e3 Be6 7. Ne5 c5 8. Nxc4 cxd4 9. exd4 Bd5 10. Nxd5 Nxd5 11. Bd3 Nc6 12. Be4 e6 13. 0-0 Rb8 14. Bb1 g6 15. Ne5 Rc8 16. Nf3 Bg7 17. Re1 0-0 18. h4 Qb6 19. h5 Nxd4 20. hxg6 Nxf3+ 21. Qxf3 fxg6 22. Qg3 Rf7 23. Ra3 Rcf8 24. Re2 Bd4 25. Rf3 Rxf3 26. gxf3 Bg7 27. Bxg6 hxg6 28. Qxg6 Nf4 29. Bxf4 Rxf4 30. Rxe6 Qxb2 31. Re8+ Rf8 32. Qe6+ Kh7 33. Qh3+ Kg6 34. Qg4+ 1/2-1/2

[Event "Madrid-ch"]
[Site "Madrid"]
[Date "2015.02.04"]
[Round "3"]
[White "Camacho Casado, Demetrio"]
[Black "Lopez Peral, Enrique"]
[Result "1/2-1/2"]
[WhiteElo "1933"]
[BlackElo "1837"]
[PlyCount "44"]
[EventDate "2015.02.02"]
[EventType "swiss"]
[EventRounds "9"]
[EventCountry "ESP"]
[SourceTitle "CBM 164 Extra"]
[Source "ChessBase"]
[SourceDate "2015.03.02"]
[SourceVersion "1"]
[SourceVersionDate "2015.03.02"]
[SourceQuality "1"]

1. d4 d5 2. Nf3 Nf6 3. Bf4 e6 4. h3 Bb4+ 5. c3 Bd6 6. Bxd6 cxd6 7. e3 Bd7 8. c4 dxc4 9. Bxc4 Qb6 10. Qb3 Qxb3 11. Bxb3 Nc6 12. Nc3 Na5 13. Nd2 Nxb3 14. axb3 Ke7 15. 0-0 Rhc8 16. Ra5 a6 17. Rfa1 Rc7 18. Nc4 Bc6 19. Nb6 Rb8 20. f3 d5 21. Rc5 Kd6 22. b4 Nd7 1/2-1/2

[Event "Madrid-ch"]
[Site "Madrid"]
[Date "2015.02.02"]
[Round "1"]
[White "Greppi Gonzalez, Jose Luis"]
[Black "Lopez Peral, Enrique"]
[Result "0-1"]
[WhiteElo "1546"]
[BlackElo "1837"]
[PlyCount "88"]
[EventDate "2015.02.02"]
[EventType "swiss"]
[EventRounds "9"]
[EventCountry "ESP"]
[SourceTitle "CBM 164 Extra"]
[Source "ChessBase"]
[SourceDate "2015.03.02"]
[SourceVersion "1"]
[SourceVersionDate "2015.03.02"]
[SourceQuality "1"]

1. e4 e5 2. Bc4 Nf6 3. Qf3 Nc6 4. c3 Bc5 5. d3 h6 6. h3 d6 7. b4 Nxb4 8. cxb4 Bd4 9. Nd2 Bxa1 10. Nb3 Bc3+ 11. Bd2 Bxd2+ 12. Kxd2 c6 13. d4 Qb6 14. Kc3 Be6 15. a3 Bxc4 16. Kxc4 d5+ 17. exd5 cxd5+ 18. Kc3 Rc8+ 19. Nc5 exd4+ 20. Kb3 Rxc5 21. Qe2+ Kd7 22. Nf3 Rc3+ 23. Kb2 Qa6 24. Qxa6 bxa6 25. Nxd4 Rhc8 26. f3 g6 27. Rd1 Ne8 28. Rd2 Nd6 29. Nb3 Ke6 30. Nc5+ R3xc5 31. bxc5 Rxc5 32. Re2+ Kf6 33. g4 d4 34. Re1 Nc4+ 35. Ka2 Nd2 36. f4 Rc2+ 37. Ka1 h5 38. gxh5 gxh5 39. Re5 h4 40. Ra5 Nb3+ 41. Kb1 Nxa5 42. Kxc2 Kf5 43. Kd3 Nc6 44. a4 Kxf4 0-1

[Event "Madrid-ch Seniors 20th"]
[Site "Madrid"]
[Date "2015.01.08"]
[Round "2"]
[White "Gonzalez Rivera, Eduardo"]
[Black "Lopez Peral, Enrique"]
[Result "1-0"]
[WhiteElo "2092"]
[BlackElo "1814"]
[PlyCount "61"]
[EventDate "2015.01.07"]
[EventType "swiss"]
[EventRounds "9"]
[EventCountry "ESP"]
[SourceTitle "CBM 164 Extra"]
[Source "ChessBase"]
[SourceDate "2015.03.02"]
[SourceVersion "1"]
[SourceVersionDate "2015.03.02"]
[SourceQuality "1"]

1. e4 e5 2. Nf3 Nf6 3. Nc3 Bb4 4. Bc4 0-0 5. d3 Bxc3+ 6. bxc3 d6 7. Bg5 Be6 8. Bb3 Nc6 9. d4 Bxb3 10. cxb3 exd4 11. cxd4 Qe8 12. 0-0 Qxe4 13. Bxf6 gxf6 14. Re1 Qg4 15. h3 Qf5 16. Rc1 Rac8 17. d5 Nb4 18. Rc4 Nxd5 19. Nh4 Qd7 20. Qxd5 Rfe8 21. Rce4 Rxe4 22. Qxe4 d5 23. Qf4 Re8 24. Rxe8+ Qxe8 25. Qxf6 Qe1+ 26. Kh2 Qe4 27. Qg5+ Kf8 28. Nf5 Qe5+ 29. f4 Qe4 30. Qd8+ Qe8 31. Qf6 1-0

[Event "Madrid-ch Previa-A"]
[Site "Madrid"]
[Date "2013.02.13"]
[Round "6"]
[White "Casal Martin, Jose Manuel"]
[Black "Lopez Peral, Enrique"]
[Result "0-1"]
[WhiteElo "1483"]
[BlackElo "1833"]
[PlyCount "78"]
[EventDate "2013.02.04"]
[EventType "swiss"]
[EventRounds "9"]
[EventCountry "ESP"]
[SourceTitle "EXT 2015"]
[Source "ChessBase"]
[SourceDate "2014.11.20"]
[SourceVersion "1"]
[SourceVersionDate "2014.11.20"]
[SourceQuality "1"]

1. e4 e5 2. Nf3 Nc6 3. Bb5 d6 4. 0-0 Bd7 5. c3 g5 6. h3 g4 7. hxg4 Bxg4 8. d4 Bd7 9. d5 Nce7 10. Bxd7+ Qxd7 11. c4 h5 12. Ng5 h4 13. Qf3 Ng6 14. Nh3 Nh6 15. Qe2 0-0-0 16. a4 Rg8 17. Kh1 Qg4 18. f3 Qg3 19. Qf2 Qxf2 20. Rxf2 f6 21. Be3 a6 22. b4 Nf7 23. b5 Bh6 24. Ra3 Bxe3 25. Rxe3 Nf4 26. bxa6 Nxh3 27. axb7+ Kxb7 28. Rb3+ Ka6 29. gxh3 Rg3 30. Rg2 Rdg8 31. Rxg3 Rxg3 32. Nd2 Ng5 33. Rb1 Nxf3 34. Nxf3 Rxf3 35. Kg2 Rf4 36. Ra1 Kb7 37. Rf1 Rxe4 38. Rxf6 Rxc4 39. a5 Rc5 0-1

[Event "Madrid-ch"]
[Site "Madrid"]
[Date "2012.11.07"]
[Round "3"]
[White "Lopez Peral, Enrique"]
[Black "Alfageme Sanchez, Jesus"]
[Result "1-0"]
[WhiteElo "1832"]
[BlackElo "1720"]
[PlyCount "77"]
[EventDate "2012.11.05"]
[EventType "swiss"]
[EventRounds "9"]
[EventCountry "ESP"]
[SourceTitle "CBM 151 Extra"]
[Source "ChessBase"]
[SourceDate "2012.12.18"]
[SourceVersion "1"]
[SourceVersionDate "2012.12.18"]
[SourceQuality "1"]

1. e4 Nc6 2. d4 e5 3. Nf3 exd4 4. Nxd4 Ne5 5. Nc3 Nf6 6. f4 Ng6 7. e5 Ng8 8. Bc4 d6 9. 0-0 N8e7 10. exd6 Qxd6 11. Ne4 Qb6 12. Kh1 Nf5 13. Nxf5 Bxf5 14. Ng5 Bd6 15. Nxf7 Rf8 16. Nxd6+ cxd6 17. Qe2+ Kd7 18. Bb5+ Kc7 19. Be3 Qa5 20. a3 a6 21. Bc4 Kd7 22. Bd3 Rae8 23. Bxf5+ Rxf5 24. Qd3 Rd5 25. Qb3 Rb5 26. Qd3 Rd5 27. Qe2 Nh4 28. Qf2 Nf5 29. Bb6 Qb5 30. c4 Qxc4 31. Rac1 Qb5 32. Rc7+ Ke6 33. g4 Ne7 34. Re1+ Kf7 35. Qe3 Rd3 36. Rxe7+ Rxe7 37. Qxe7+ Kg8 38. Qd8+ Kf7 39. Re7+ 1-0

[Event "Madrid-ch sf-A"]
[Site "Madrid"]
[Date "2012.04.24"]
[Round "8"]
[White "Jimenez Gonzalez, Marcos"]
[Black "Lopez Peral, Enrique"]
[Result "1/2-1/2"]
[WhiteElo "1848"]
[BlackElo "1844"]
[PlyCount "41"]
[EventDate "2012.04.10"]
[EventType "swiss"]
[EventRounds "9"]
[EventCountry "ESP"]
[SourceTitle "CBM 148 Extra"]
[Source "ChessBase"]
[SourceDate "2012.06.22"]
[SourceVersion "1"]
[SourceVersionDate "2012.06.22"]
[SourceQuality "1"]

1. c4 e6 2. g3 Nf6 3. Bg2 d5 4. Nf3 c6 5. 0-0 dxc4 6. a4 Qa5 7. Na3 Bxa3 8. Rxa3 Nbd7 9. d4 cxd3 10. Qxd3 0-0 11. Bd2 Qd5 12. Nd4 Qh5 13. e3 Ne5 14. Qc2 Rd8 15. f4 Qg6 16. Qxg6 Nxg6 17. Ba5 Rd6 18. Bb4 Rd8 19. Ba5 Rd6 20. Bb4 Rd8 21. Ba5 1/2-1/2

[Event "Madrid-ch sf-A"]
[Site "Madrid"]
[Date "2012.04.16"]
[Round "4"]
[White "Lopez Garralon, Miguel"]
[Black "Lopez Peral, Enrique"]
[Result "1-0"]
[WhiteElo "1928"]
[BlackElo "1844"]
[PlyCount "70"]
[EventDate "2012.04.10"]
[EventType "swiss"]
[EventRounds "9"]
[EventCountry "ESP"]
[SourceTitle "CBM 148 Extra"]
[Source "ChessBase"]
[SourceDate "2012.06.22"]
[SourceVersion "1"]
[SourceVersionDate "2012.06.22"]
[SourceQuality "1"]

1. e4 e5 2. Nf3 Nf6 3. d3 d5 4. Nbd2 Bc5 5. h3 0-0 6. Be2 dxe4 7. dxe4 Nc6 8. c3 Be6 9. Qc2 h6 10. Nf1 Qe7 11. g4 Nd7 12. Ng3 f6 13. Nh4 Qf7 14. b3 Ne7 15. Ngf5 Kh8 16. Be3 a5 17. Bxc5 Nxc5 18. Nxe7 Rfd8 19. 0-0 Rd7 20. Nef5 g6 21. Ne3 Rg8 22. Bc4 Bxc4 23. Nxc4 h5 24. f3 Nd3 25. Rad1 Rgd8 26. Kh2 hxg4 27. fxg4 Qh7 28. Nf3 Nf4 29. h4 Rd3 30. Rxd3 Rxd3 31. Kg3 Qh6 32. Nb2 Rxc3 33. Qd1 Ne2+ 34. Qxe2 Qf4+ 35. Kf2 Re3 1-0

[Event "Madrid-ch sf-A"]
[Site "Madrid"]
[Date "2012.04.11"]
[Round "2"]
[White "De la Horra del Barco, Ricardo"]
[Black "Lopez Peral, Enrique"]
[Result "1-0"]
[WhiteElo "2055"]
[BlackElo "1844"]
[PlyCount "73"]
[EventDate "2012.04.10"]
[EventType "swiss"]
[EventRounds "9"]
[EventCountry "ESP"]
[SourceTitle "CBM 148 Extra"]
[Source "ChessBase"]
[SourceDate "2012.06.22"]
[SourceVersion "1"]
[SourceVersionDate "2012.06.22"]
[SourceQuality "1"]

1. Nf3 Nf6 2. g3 b6 3. Bg2 Bb7 4. 0-0 e6 5. c4 Be7 6. d4 0-0 7. Re1 c6 8. e4 d5 9. e5 Ne4 10. cxd5 exd5 11. Nc3 c5 12. dxc5 Nxc3 13. bxc3 Bxc5 14. Bf4 Nc6 15. Qd3 Qd7 16. Ng5 g6 17. Qxd5 Qe7 18. Ne4 Na5 19. Qd3 Bxe4 20. Qxe4 Rfd8 21. Qe2 Rac8 22. Qg4 h5 23. Qe2 Ba3 24. h4 Qf8 25. e6 fxe6 26. Qxe6+ Kh7 27. Bg5 Rd6 28. Qe2 Rxc3 29. Be7 Qe8 30. Bxd6 Qxe2 31. Rxe2 Bxd6 32. Rd1 Bc5 33. Rd7+ Kh6 34. Re8 Bxf2+ 35. Kxf2 Rc2+ 36. Kg1 Rc1+ 37. Kh2 1-0

[Event "Madrid-ch Seniors"]
[Site "Madrid"]
[Date "2011.02.08"]
[Round "2"]
[White "Ortiz Herranz, Eleazar"]
[Black "Lopez Peral, Enrique"]
[Result "1-0"]
[WhiteElo "2243"]
[BlackElo "1877"]
[PlyCount "93"]
[EventDate "2011.02.07"]
[EventType "swiss"]
[EventRounds "9"]
[EventCountry "ESP"]
[SourceTitle "CBM 140 Extra"]
[Source "ChessBase"]
[SourceDate "2011.03.01"]
[SourceVersion "1"]
[SourceVersionDate "2011.03.01"]
[SourceQuality "1"]

1. Nf3 d5 2. g3 Nf6 3. Bg2 Bf5 4. c4 e6 5. Qb3 Qc8 6. Nc3 Nc6 7. cxd5 exd5 8. Nxd5 Nxd5 9. Qxd5 Nb4 10. Qe5+ Qe6 11. Qxe6+ fxe6 12. Nd4 c6 13. 0-0 Nc2 14. Nxc2 Bxc2 15. d3 g6 16. Bd2 Ba4 17. Bc3 Rg8 18. Rac1 Bg7 19. Bxg7 Rxg7 20. b3 Bb5 21. a4 Ba6 22. Rxc6 bxc6 23. Bxc6+ Ke7 24. Bxa8 Rg8 25. Bc6 Rc8 26. Bb5 Bxb5 27. axb5 Rc7 28. Ra1 Kf6 29. d4 h6 30. Ra6 Kf7 31. b6 axb6 32. Rxb6 Rc1+ 33. Kg2 Rb1 34. h4 h5 35. Kf3 Rb2 36. e4 Rd2 37. Rb7+ Kf8 38. Ke3 Rd1 39. b4 Re1+ 40. Kf4 Re2 41. f3 Rd2 42. Ke3 Rg2 43. b5 Rxg3 44. b6 g5 45. Kf2 gxh4 46. Rc7 Rg5 47. b7 1-0